| 000 | 005090000a22001810004500 | ||
|---|---|---|---|
| 003 | MACL | ||
| 005 | 20160227114132.0 | ||
| 008 | 160227b xxu||||| |||| 00| 0 eng d | ||
| 040 |
_aMACL _cMACL |
||
| 041 | _aHindi | ||
| 082 | _a800 | ||
| 100 |
_aमहात्मा गांधी _940789 |
||
| 245 | _aसंयम बनाम भोग | ||
| 260 |
_bमातृभाषा मंदिर _c1952 _aप्रयाग |
||
| 350 | _a1 | ||
| 650 |
_aLiteracture _939932 |
||
| 942 |
_cHIN _k800 _2ddc |
||
| 999 |
_c23264 _d23264 |
||